000 01214nam a2200241Ia 4500
003 Ost
005 20260416102351.0
008 260416s9999||||xx |||||||||||||| ||und||
040 _cfsecg
041 _aara
082 _a336
100 _aجلال، عبد القادر
_eمؤلف
245 0 _aمحاضرات في المالية العامة /
_c عبد القادر جلال
260 _aالجزائر
_bجامعة الجزائر3: كلية العلوم الإقتصادية، العلوم التجارية وعلوم التسيير
_c2016
300 _a61 ورقة
_bايضاحات
_c30 سم
520 _aمدخل الى عالم المالية العامة، النفقات العامة للدولة، الايرادات العامة للدولة، مفهوم الميزانية العامة للدولة وكيفية اعدادها والرقابة عليها
653 _aالايرادات والنفقات
653 _aالرقابة
653 _aالمالية العامة
653 _aالميزانية
710 _aجامعة الجزائر3: كلية العلوم الإقتصادية، العلوم التجارية وعلوم التسيير
_eناشر علمي
942 _cHANDOUT
999 _c41015
_d41015